LEADER 01063nam a2200229 a 4500 001 000000143797 003 CaOOAMICUS 005 20150604123643.0 008 150604s1989 gw ah u000 u ger r 040 $aPUL$bita 100 1 $aBoshof, Egon,$d1937-$0(OLS)http://pul/name/62662 245 10$aOtto von Bamberg (1102-1139) :$bVorträge zum Jubiläumsjahr/$cvon Egon Boshof, Klaus Guth und Franz Machilek. 260 $aNürnberg :$bC.-Pirckheimer-Haus ,$c1989. 300 $a113 p.,$bill.,facs.$c18 cm 600 04$aOtto,$cs. vesc. di Bamberg,$dc. 1060-1139.$0(OLS)http://pul/subject/753 700 1 $aGuth, Klaus.$0(OLS)http://pul/name/92372 700 1 $aMachilek, Franz.$0(OLS)http://pul/name/92373 850 $aPUL 852 $aPUL$W1$xDP1 Religione 1$y20$m637 H 43$j165875$qStampati$B166284$CPULBib$Z2$F166284 $H63073 $82 996 $6245$aOtto von Bamberg (1102-1139) :$bVorträge zum Jubiläumsjahr/$9(OLS)http://pul/title/181913 996 $6260$aNürnberg :$bC.-Pirckheimer-Haus $9(OLS)http://pul/publisher/83469 LEADER 01230nam a2200325 a 4500 001 000000148405 003 CaOOAMICUS 005 20160111102840.0 008 160111s1972 gw u000 u ger r 020 $a3-460-03571-4* 032 $aLibriCat 040 $aPUL$bita 100 1 $aErnst, Josef.$0(OLS)http://pul/name/25207 245 10$aAnfänge der Christologie /$cJosef Ernst. 260 $aStuttgart :$bVerlag Katholisches Bibelwerk,$c©1972. 300 $a173 p. ;$c21 cm. 490 1 $aStuttgarter Bibelstudien ;$v57 500 $aInclude indici. 504 $aBibliografia in nota. 650 4$aCristologia.$0(OLS)http://pul/subject/1402 830 0$aStuttgarter Bibelstudien ;$v57.$0(OLS)http://pul/title/15475 850 $aPUL 852 $aPUL$W1$xDP1 Fondo Bordoni$y120$m3 D 59$j166478$qFondi$B172279$CPULBib$Z2$F172279 $HBor331 $81 941 1 $a1 960 $aIesus Christus$91402 960 $aIesus Christus$91402 996 $6020$a3-460-03571-4*$9(OLS)http://pul/number/159330 996 $6245$aAnfänge der Christologie$9(OLS)http://pul/title/187218 996 $6260$aStuttgart :$bVerlag Katholisches Bibelwerk$9(OLS)http://pul/publisher/61384